00786nam a2200217Ia 4500003000400000005001700004008004100021040000700062041001200069082001800081100003200099245010400131260004800235365001300283650003000296650002200326906004800348942001200396999001900408952014100427OSt20250728110408.0210423s2005 xx 000 0 und d cAL aEnglish a307.72 bJAII aSuresh Chandra Jain9122284 aIndigenous resource for rural developmentb: agircultural mechanisation and rural industrialisation aNew DelhibConcept publishing companyc2005 b450cINR aRural Communities9122285 aSociology9122286 adevelopment ; Indigenous ; resource ; rural 2ddccBK c175213d175213 001040708MSWaSACPGbSACPGd2008-08-12eBook Worldg450.00l1o307.72 JAIIpPG021912r2024-09-23 00:00:00s2024-09-10w2021-04-26yBK